00922nam a2200253 a 4500001001000000005001700010008004100027020001500068050002200083100002800105245012400133260003700257300003200294500003400326504002800360650003700388650002400425650003300449700003000482700002700512942001100539999001500550952010300565BRCA_190620190320203610.0090608s1990----uk-a---###---#000-0#eng-# a0500276137 4aNK2395b.B36 19901 aBangert, Albrecht9588110a80s [i.e. Ochentas] StylebDesigns of the DecadecAlbrecht Bangert y Karl Michael Armer ; foreword by Ettore Sottsass. aLondresbThames and Hudsonc1990 a240 p.bil. a colorc30 cm. aIncluye índice alfabético aBibliografía : p. 23614aMobiliarioxDiseñoy19809588214aIluminación9588314aVajillasx650 textiles958841 aArmer, Karl Michael958851 aSottsass, Ettore95886 2lcccB c1679d1679 00104070aBRCAbBRCAd2008-07-30l0oNK2395 .B36 1990p01568r2019-03-22 00:00:00w2019-03-22yB